आधुनिक भारत में सामाजिक परिवर्तन (Record no. 297007)

MARC details
000 -LEADER
fixed length control field 01026nam a2200265Ia 4500
003 - CONTROL NUMBER IDENTIFIER
control field OSt
005 - DATE AND TIME OF LATEST TRANSACTION
control field 20220923211218.0
008 - FIXED-LENGTH DATA ELEMENTS--GENERAL INFORMATION
fixed length control field 220922b |||||||| |||| 00| 0 hin d
020 ## - INTERNATIONAL STANDARD BOOK NUMBER
International Standard Book Number 9788126717026 (hbk)
037 ## - SOURCE OF ACQUISITION
Terms of availability Textual
040 ## - CATALOGING SOURCE
Original cataloging agency ARTS
Transcribing agency ARTS
Language of cataloging hin
041 ## - LANGUAGE CODE
Source of code hin
Language code of text/sound track or separate title hin
100 ## - MAIN ENTRY--PERSONAL NAME
Personal name एम. एन. श्रीनिवास
9 (RLIN) 159748
245 #0 - TITLE STATEMENT
Title आधुनिक भारत में सामाजिक परिवर्तन
246 ## - VARYING FORM OF TITLE
Title proper/short title Ādhunik bhārat mean sāmājik parivartana
260 ## - PUBLICATION, DISTRIBUTION, ETC.
Place of publication, distribution, etc. नयी दिल्ली
Name of publisher, distributor, etc. राजकमल प्रकाशन
Date of publication, distribution, etc. 1991
300 ## - PHYSICAL DESCRIPTION
Extent 181पृ.
Dimensions cm.
650 ## - SUBJECT ADDED ENTRY--TOPICAL TERM
Topical term or geographic name entry element भारतीय-लोक साहित्य
9 (RLIN) 159749
942 ## - ADDED ENTRY ELEMENTS (KOHA)
Classification part Y73(P15):6.N, 152N1
Koha item type Textual
Source of classification or shelving scheme Colon Classification (CC)
Holdings
Withdrawn status Lost status Damaged status Not for loan Home library Current library Date acquired Source of acquisition Cost, normal purchase price Total Checkouts Total Renewals Full call number Barcode Date last seen Date last checked out Cost, replacement price Price effective from Koha item type
        Arts Library Arts Library 2022-09-23 262, 12/12/2011, Vani Prakashan 450.00 2 2 Y73(P15):6.N 152N1 AL1297326 2026-03-12 2026-02-18 450.00 2022-09-23 Textual
Copyright @ Delhi University Library System